عرض عادي
عرض مارك
- Dey, Pradip.
مدخل إسم شخص
عدد التسجيلات المستخدمة في: 29
001 - رقم الضبط
- حقل الضبط: 37949
003 - معرف رقم الضبط
- حقل الضبط: OSt
005 - تاريخ ووقت أخر عملية
- حقل الضبط: 20131017044341.0
008 - عناصر بيانات ثابتة الطول
- حقل تحكم ثابت الطول: 131017|||a|||||| | ||| d
040 ## - مصدر الفهرسة
- هيئة الفهرسة الأصلية: OSt
- وكالة الكتابة: OSt
100 ## - مدخل -- أسم شخص
- إسم شخص: Dey, Pradip.
670 ## - بيانات المصدر موجوده
- الاستشهاد بالمصدر: Work cat.: (OSt)31039: Dey, Pradip., Computer fundamentals and programming in c /, 2013.
